000 01147nam a2200337 i 4500
001 10447
003 ES-MaACL
005 20250827062556.0
007 t|
008 920303s1994 sp l |||| | spa d
020 _a84-470-0398-1
080 _a351.83(46)(094.4)
080 _a331(46)(094.4)
110 1 _aEspaña
_93622
240 1 0 _aLeyes, etc., sociales
245 1 0 _aLegislación social básica.
250 _a13ª ed.
_bactualizada por José E. Serrano Martínez, Julia López López y Marcial Sequeira de Fuentes.
260 _aMadrid :
_bCivitas,
_c1994.
300 _a856, 30, 91 p. ;
_c21 cm.
490 1 _aBiblioteca de legislación ;
_v24
500 _aAnexo I, septiembre 1994 - Anexo II, febrero 1995.
500 _aÍndices.
650 0 4 _aDerecho laboral-
_zEspaña
_911726
650 4 _aDerecho de la seguridad social-
_zEspaña
_911696
700 1 _aSerrano Martínez, José E.
_9105777
700 1 _aLópez López, Julia.
_973734
700 1 _aSequeira de Fuentes, Marcial.
_9105508
830 0 _aBiblioteca de legislación ;
_v24
_9177899
852 _aES-MaACL
_jL-17911
999 _c10447
_d10447